Filipino Brands Logo Quiz - Statistics

General Stats
  • This quiz has been taken 453 times
  • The average score is 18 of 36
Answer Stats
Picture Answer % Correct
Jollibee
100%
ShoeMart
95%
Mang Inasal
89%
Milo
87%
ABS-CBN
86%
C2
80%
Bear Brand
78%
Nova
75%
Globe
74%
Petron
71%
Smart
71%
TV5
70%
PLDT
68%
Robinsons
67%
Cherry Mobile
62%
Caltex
60%
Republic Biscuit Corp.
56%
MMDA
54%
Army Navy
51%
Ayala Malls
50%
24 Oras
49%
DZMM
49%
Eat Bulaga
43%
GTV
43%
Glorietta
30%
GMA Network
27%
Royal Tru
26%
ABS-CBN News Channel
17%
Television Patrol
14%
Genyo
13%
AngDelCru
11%
Banahaw Broadcasting Corporation
10%
Fox Movies Philippines
10%
Manila Electric Company
10%
Radio Mindanao Network
9%
MDG Productions
8%
No matching quizzes found
Score Distribution
Percent of People with Each Score
Percentile by Number Answered
Your Score History
You have not taken this quiz